000 00305nam a22001337a 4500
008 170322b xxu||||| |||| 00| 0 eng d
020 _a0071347739
041 _aeng
080 _a616.12-008-073
100 _a7
101 _aSHM
245 _aEXERCISE& SPORTS CARDIOLOGY
_cTHOMPSON, P.D
942 _2udc
_cBK
999 _c8312
_d8312